|
|
|
|
| LEADER |
00000nam0a2200000 4500 |
| 001 |
17098 |
| 005 |
20231030190728.0 |
| 035 |
|
|
|a (RuTPU)RU\TPU\book\17229
|
| 035 |
|
|
|a BOOK00017299
|
| 090 |
|
|
|a 17098
|
| 100 |
|
|
|a 20011209d1944 m y0rusy50 ca
|
| 101 |
1 |
|
|a rus
|c ita
|
| 102 |
|
|
|a RU
|
| 105 |
|
|
|a y z 000zy
|
| 200 |
1 |
|
|a Дипломатическая война
|e Воспоминания и отрывки из дневника (1914-1919 гг.)
|e пер. с итал.
|f М. Альдрованди
|
| 210 |
|
|
|a Москва
|c ОГИЗ
|d 1944
|
| 215 |
|
|
|a 390 с.
|
| 225 |
1 |
|
|a Библиотека внешней политики
|
| 333 |
|
|
|a Исключено из фонда НТБ ТПУ
|
| 700 |
|
1 |
|a Альдрованди
|b М.
|g Марескотти
|
| 801 |
|
0 |
|a RU
|b 63413507
|c 20011209
|g PSBO
|
| 801 |
|
2 |
|a RU
|b 63413507
|c 20131017
|g PSBO
|
| 942 |
|
|
|c BK
|